Chinese Civil War People by Picture - Statistics

General Stats
  • This quiz has been taken 27 times
  • The average score is 9 of 21
Answer Stats
Picture Hint Answer % Correct
Republic of China Chiang Kai-shek
100%
Republic of China Ma Bufang
76%
Chinese Communist Party Mao Zedong
62%
United States George Marshall
57%
Republic of China Yan Xishan
57%
Republic of China Zhang Xueliang
57%
Chinese Communist Party Lin Biao
52%
Republic of China Li Zongren
52%
Chinese Communist Party Zhou Enlai
52%
Chinese Communist Party Zhu De
48%
Chinese Communist Party Peng Dehuai
38%
Republic of China Xue Yue
38%
Republic of China Chen Cheng
33%
Republic of China Dai Li
33%
Republic of China Bai Chongxi
29%
Chinese Communist Party Bo Gu
29%
Republic of China He Yingqin
29%
Chinese Communist Party Liu Bocheng
24%
Chinese Communist Party Zhang Guotao
24%
Chinese Communist Party Li Lisan
19%
Chinese Communist Party Su Yu
14%
No matching quizzes found
Score Distribution
Percent of People with Each Score
Percentile by Number Answered
Your Score History
You have not taken this quiz